| 000 | 00348nam a2200121Ia 4500 | ||
|---|---|---|---|
| 008 | 220204s9999 xx 000 0 und d | ||
| 082 |
_a581.2:632.9 _bBUR |
||
| 100 | _aBURGES, H D | ||
| 245 | 0 | _aMicrobial control of pests and plant diseases 1970-1980 | |
| 260 |
_aLondon _bAcademic _c1981 |
||
| 650 | _aPlant diseases microbial control | ||
| 942 | _cBK | ||
| 999 |
_c36638 _d36638 |
||